000 00720nam a2200193Ii 4500
003 JO-AjNU
008 230605s9999||||xx |||||||||||||| ||und||
040 _aJO-AjNU
_bara
_erda
_cJO-AjNU
041 _aara
050 1 4 _aPJ7543.H8888 1998
100 3 _aحور، محمد ابراهيم,
_eauthor
_934901
245 0 0 _aالنزعة الانسانية في الشعر العربي
264 3 1 _aالعين: مكتبة المكتبة، 1998
300 _a239ص
336 _atext
_btxt
_2rdacontent
337 _aunmediated
_bn
_2rdamedia
338 _avolume
_bnc
_2rdacarrier
650 4 _aالشعر العربي القديم-الشعر العربي-النزعة الانسانية في الشعر العربي
_934902
999 _aA14355
_c17923
_d17923